| 000 | 01643nam0a22002773i 4500 | ||
|---|---|---|---|
| 001 | IT\ICCU\CAG\0658749 | ||
| 003 | IT-MiSPE | ||
| 005 | 20220915142025.0 | ||
| 008 | 220915b ||||| |||| 00| 0 eng d | ||
| 020 |
_a9783423343947 _c15.00 EUR |
||
| 040 |
_aIT-MiSPE _bita _cIT-MiSPE |
||
| 041 |
_ager _heng |
||
| 082 | _a193 B-KAN im* KÜH ma (axa 23319) | ||
| 100 |
_aKühn, Manfred. _d1947- _eautore _959160 |
||
| 240 |
_aKant. Eine Biographie _lger |
||
| 245 |
_aKant. Eine Biographie _cManfred Kühn ; aus dem Englischen von Martin Pfeiffer. |
||
| 260 |
_aMünchen : _bDeutscher Taschenbuch Verlag, _c2007 (Ungekürzte Ausgabe) |
||
| 300 |
_a639 P. ; _c21 cm |
||
| 504 | _aBibliografia (pp. 595-616) e indici (618-639) | ||
| 520 | _aAus dem Englischen von Martin Pfeiffer. Zum 200. Todestag Immanuel Kants (1724-1804) erzählt Manfred Kühn in der ersten umfassenden Biografie des großen Denkers seit über zwei Jahrzehnten Kants Leben und stellt sein philosophisches Werk vor. Heinrich Heine hat gespottet, von Immanuel Kant könne niemand eine Lebensgeschichte schreiben, denn Kant habe weder ein Leben noch eine Geschichte gehabt. Manfred Kühn räumt mit der Legende von Kants ereignislosem Professorenleben gründlich auf und zeichnet das Bild eines eleganten und geistreichen Gentleman, der eine wichtige Rolle im gesellschaftlichen Leben seiner Heimatstadt Königsberg spielte. | ||
| 546 | _aTraduzione dall'inglese di Martin Pfeiffer | ||
| 600 |
_aImmanuel Kant, _d1724-1804 _959161 |
||
| 655 |
_aFilosofia. Biografia _xIlluminismo _959162 |
||
| 700 | 1 |
_aPfeiffer, Martin, _eProf. Dr. ; traduttore _959163 |
|
| 942 |
_2ddc _cBK |
||
| 999 |
_c359487 _d359487 |
||